The World Atlas and Encyclopedia (Record no. 93662)

MARC details
000 -LEADER
fixed length control field 00650nam a22001817a 4500
005 - DATE AND TIME OF LATEST TRANSACTION
control field 20150515124843.0
020 ## - INTERNATIONAL STANDARD BOOK NUMBER
International Standard Book Number 97814075583372
Terms of availability 895.00
035 ## - SYSTEM CONTROL NUMBER
System control number G-003650
037 ## - SOURCE OF ACQUISITION
Stock number Received from DB Act Children Books
Source of stock number/acquisition dpl
082 ## - DEWEY DECIMAL CLASSIFICATION NUMBER
Edition number 912
100 ## - MAIN ENTRY--PERSONAL NAME
Personal name KcKey, Liz and others
245 ## - TITLE STATEMENT
Title The World Atlas and Encyclopedia
Statement of responsibility, etc by Liz McKey and others
260 ## - PUBLICATION, DISTRIBUTION, ETC. (IMPRINT)
Place of publication, distribution, etc Bath BA1 1HE,
Name of publisher, distributor, etc Parragon
Date of publication, distribution, etc 2009
270 ## - ADDRESS
Address Queen Street,
City Bath BA1 1HE, U K
300 ## - PHYSICAL DESCRIPTION
Extent 336 p.
Other physical details ill.
Dimensions 32 cm.(HB)
942 ## - ADDED ENTRY ELEMENTS (KOHA)
Source of classification or shelving scheme Dewey Decimal Classification
Item type Children Books
Classification part 912
Call number suffix MCK
Holdings
Withdrawn status Lost status Not for loan Collection code Home library Current library Date acquired Source of acquisition Cost, normal purchase price Full call number Barcode Copy number Cost, replacement price Koha item type
      Non-fiction Janak Puri Janak Puri 15/05/2015 Received from DB Act Children Books 895.00 912 MCK G-003650 1 895.00 Children Books

© Delhi Public Library
Hit Counter
free hit counter